000 00662nam a22002417a 4500
003 LK-CoDNM
005 20241219083537.0
008 241218b |||||||| |||| 00| 0 eng d
040 _aLK-CoDNM
_dLK-CoDNM
_eLK-CoDNM
041 _aeng
080 _a2
_bC6
100 _aJackson,Robert,Tracy
245 _aFOSSIL ECHINI OF THE PANAMA CANAL ZONE AND COSTA
260 _agoverment printing office
_bwashington
_c1917
300 _a2p. : 6 ill ; 24 cm
490 _aVol 53
650 _aTHE CRINOIDS OF THE MUSEUM FUFER NATURKUNDE BERLIN
650 _aClark,Austin,Hobart
650 _a2 c 6
650 _a1917
650 _ascience
942 _cBK
999 _c233489
_d233489